000
00420nam a2200157Ia 4500
008
100122s9999 xx 000 0 und d
082
_b
6140
_a
342.54
100
_a
देवगिरीकर त्र्यं र
245
_a
घटना परिचय
250
_a
0
260
_c
1924
300
_a
70
630
_a
घटना परिचय
730
_a
घटना परिचय
942
_c
BOOK
999
_c
399242
_d
399239